|
|
|
|
| LEADER |
02124cam a2200529 i 4500 |
| 001 |
nkc20213322204 |
| 003 |
CZ PrNK |
| 005 |
20231213102410.0 |
| 007 |
ta |
| 008 |
210323s2021 xr ac e f 001 0 cze d |
| 015 |
|
|
|a cnb003322204
|
| 020 |
|
|
|a 978-80-7281-564-7
|q (vázáno)
|
| 035 |
|
|
|a (OCoLC)1267680613
|
| 040 |
|
|
|a PNA001
|b cze
|d OLA001
|e rda
|
| 072 |
|
7 |
|a 159.93/.94
|x Senzorické a motorické funkce. Emoce. Vůle
|2 Konspekt
|9 17
|
| 080 |
|
|
|a 159.942
|2 MRF
|
| 080 |
|
|
|a 159.923.5
|2 MRF
|
| 080 |
|
|
|a 316.648.4
|2 MRF
|
| 080 |
|
|
|a (035)
|2 MRF
|
| 100 |
1 |
|
|a Jelínek, Marian,
|d 1963-
|7 xx0012610
|4 aut
|
| 245 |
1 |
0 |
|a Jak se zbavit strachu :
|b 30 kapitol a 21 technik, které změní váš život /
|c Marian Jelínek, Jiří Kuchař
|
| 264 |
|
1 |
|a Praha :
|b Eminent,
|c 2021
|
| 300 |
|
|
|a 222 stran :
|b ilustrace, portréty ;
|c 21 cm
|
| 336 |
|
|
|a text
|b txt
|2 rdacontent
|
| 337 |
|
|
|a bez média
|b n
|2 rdamedia
|
| 338 |
|
|
|a svazek
|b nc
|2 rdacarrier
|
| 504 |
|
|
|a Obsahuje bibliografii, bibliografické odkazy a rejstřík
|
| 650 |
0 |
7 |
|a strach
|7 ph117268
|2 czenas
|
| 650 |
0 |
7 |
|a sebeřízení
|7 ph303239
|2 czenas
|
| 650 |
0 |
7 |
|a sebezdokonalování
|7 ph116118
|2 czenas
|
| 650 |
0 |
7 |
|a změna postoje
|7 ph615993
|2 czenas
|
| 650 |
0 |
9 |
|a fear
|2 eczenas
|
| 650 |
0 |
9 |
|a self-management
|2 eczenas
|
| 650 |
0 |
9 |
|a self-actualization
|2 eczenas
|
| 650 |
0 |
9 |
|a attitude change
|2 eczenas
|
| 655 |
|
7 |
|a příručky
|7 fd133209
|2 czenas
|
| 655 |
|
9 |
|a handbooks and manuals
|2 eczenas
|
| 700 |
1 |
|
|a Kuchař, Jiří,
|d 1960-
|7 jn20001103242
|4 aut
|
| 910 |
2 |
|
|a BOA001
|b 2-1466.706
|
| 920 |
|
|
|a 000897631
|z PNA001
|
| 990 |
|
|
|a BK
|
| 995 |
|
|
|a 01
|
| 991 |
|
|
|b 202107
|c NOV
|
| 996 |
6 |
|
|b 2610872309
|c 2-1466.706
|l MZK
|r Sklad / do 1 hodiny
|n 6
|p p.v.
|w 001858011
|u 000010
|a 1
|e BOA001
|j MZK50
|s P
|
| 996 |
7 |
|
|b 2610874292
|c 2-1466.706
|l Vol.výběr
|r VV 0p
|n 14
|p kup
|h 159.93/.94 JEL
|w 001858011
|u 000020
|a 0
|e BOA001
|j MZK50
|s A
|
| 996 |
7 |
|
|b 2610896585
|c 2-1466.706
|l Vol.výběr
|r VV 0p
|n 11
|p kup
|h 159.93/.94 JEL
|w 001858011
|u 000030
|a 0
|e BOA001
|j MZK50
|s A
|
| 996 |
7 |
|
|b 2610954923
|c 2-1466.706
|l Vol.výběr
|r VV 0p
|n 5
|p kup
|h 159.93/.94 JEL
|w 001858011
|u 000040
|a 0
|e BOA001
|j MZK50
|s A
|